[Event "RUS-Cup7"]
[Site "Kstovo"]
[Date "1997.05.04"]
[Round "4"]
[White "Yagupov, Igor"]
[Black "Loginov, Valery A"]
[Result "1/2-1/2"]
[WhiteElo "2420"]
[BlackElo "2555"]
[Annotator "Gershon,A"]
[PlyCount "104"]
[EventDate "1997.05.01"]
[EventType "swiss"]
[EventRounds "9"]
[EventCountry "RUS"]
[SourceTitle "CBM 059"]
[Source "ChessBase"]
[SourceDate "1997.08.01"]
[SourceVersion "1"]
[SourceVersionDate "1997.08.01"]
[SourceQuality "1"]

1. e4 {Nor Gutman} c5 2. Nf3 d6 3. d4 cxd4 4. Nxd4 Nf6 5. Nc3 a6 6. Be2 e5 7.
Nb3 Be7 8. O-O O-O 9. Kh1 Nc6 10. f4 a5 $5 (10... exf4 11. Bxf4 Be6 12. Qe1 Ne8
13. Nd5 Bg5 {Ehlvest-Gurevich,I, Saint Martin 1993 ~~}) (10... b5 11. Bf3 Na5
$6 12. Nxa5 Qxa5 13. fxe5 dxe5 14. Nd5 Nxd5 15. Qxd5 Qc7 16. Qxa8 Bb7 17. Qxf8+
Bxf8 18. Bg5 h6 19. Bh4 Be7 $2 20. Bxe7 Qxe7 21. c3 Qh4 22. Rae1 Bc6 23. Re2
Qe7 24. Rd1 Qc5 25. Rc1 Qd6 26. b3 Qd3 27. c4 bxc4 28. bxc4 f5 29. Rce1 Qxc4
30. exf5 Bxf3 31. gxf3 Qd5 32. Kg2 Kf7 33. Rxe5 Qxa2+ 34. Kg3 Qd2 35. h4 a5 36.
Ra1 a4 37. Rxa4 Qd1 38. Ra2 Qg1+ 39. Rg2 Qd1 40. Re4 Qd3 41. Rge2 Qd1 42. Re7+
Kf8 43. Kg4 Qg1+ 44. Kh5 Qg3 45. R2e3 Qf4 46. Kg6 Qg3+ 47. Kh7 Qf4 48. Re8+ Kf7
49. R8e7+ Kf8 50. f6 Qf5+ 51. Kh8 gxf6 52. Rg7 Qc5 53. Rb3 Qe5 54. Rb8+ Qxb8
55. Rg8+ {1-0 Sutovskij,E-Colovic,A/WchJM-U18 Szeged 1994}) 11. a4 Nb4 {
Gutman: Eine interessante Idee. Schwarz strebt einen Übergang zur schon von B.
Spassky favorisierten Varianten in der Scheveninger Verteidigung an. Die
Tempoverluste a6-a5 (Najdorf) und e6-e5 (Scheveninger) gleichen sich dann aus.
Laut E.Gellers Analyse stellt der Königszug Kg1-h1 eine Ungenauigkeit da.} 12.
Bf3 $146 {In analysis of game Yemilin-Nepomnishay 1997 [0-1] I had wrote some
interesting ideas about this variation.Here I will only say,that in my opinion
12.g4! is the best answer for all black's questions.Other moves are not
dangerous for black.This novelty too. Gutman: "Ein neuer Plan,der den Vorstoß
g2-g4 verschiebt und den Gegenstoß d6-d5 verhindert. Gleichzeitig nutzt Weiß
den Umstand aus, daß sein König auf h1 steht und das Feld g1 für den Turm frei
ist" J.Dochojan.} (12. g4 $1 exf4 $1 (12... Be6 $2 13. f5 (13. g5 Nd7 14. Rg1
exf4 15. Bxf4 Ne5 16. Nd4) 13... Bd7 14. g5 Ne8 15. Rg1 $36) 13. Bxf4 Be6 (
13... d5 {Gutman} 14. e5 Ne4 {mit guten Spiel für Schwarz,Gutman.}) 14. g5 Nd7
15. Qd2 Ne5 16. Nd4 Bh3 (16... Nc4 $5 17. Qc1 $1 Rc8 18. Nxe6 fxe6 19. Bg4 $1
Qd7 20. Nd5) 17. Rg1 $14) (12. Nd2 exf4 $1 $13) (12. Rg1 Be6 $5 13. f5 Bd7 14.
Bf3 Bc6 15. Qe2 Rc8 16. g4 d5 $1) (12. Be3 $6 $11 {Yemelin-Nopomnishay,St
Petersburg-ch 1997 [0-1]}) ({Aber,meiner Meinung nach,ist} 12. Be3 $5 {Gutman}
Be6 13. Bf3 {eine genauere Zugsfolge.}) 12... Be6 ({Nichts spricht gegen} 12...
Qb6 $5 {Gutman} 13. g4 exf4 14. Bxf4 {,Kasparow-Gelfand,Amsterdam 1996,14. ...}
Re8 $5 15. g5 Nd7 16. Nd4 (16. Bh5 g6 17. Bg4 Nc5 18. Bxc8 Raxc8 19. Nd4 Ne6)
16... Ne5 17. Nf5 Bf8 {,und Schwarz hat ausreichende Gegenspiel,Gutman.}) 13.
Be3 (13. f5 Bc4 14. Be2 $5 d5 $5 (14... Bxe2 $6 15. Qxe2 d5 16. exd5 Nbxd5 (
16... Nfxd5 17. Rd1 Nxc3 18. bxc3 $18) 17. Nxd5 (17. Qxe5 Bd6 18. Qd4 Nxc3 19.
Qxc3 Rc8 20. Qd3 Qc7 21. Bg5 Qxc2 22. Qxd6 Qxb3 23. Bxf6 Rc6 24. Qd1 Qxd1 25.
Raxd1 Rxf6 $11) 17... Qxd5 18. Rd1 Qe4 19. Qxe4 Nxe4 20. Re1 Rfd8 21. g4 Rd1
22. Rxd1 Nf2+ 23. Kg2 Nxd1 24. Rb1 $14 (24. Kf3 Rc8 25. c3 Nxc3)) (14... Bxb3
$6 15. cxb3 d5 16. exd5 Nfxd5 17. Bf3 Nf6 $14) 15. exd5 (15. Bxc4 dxc4 16. Nd2
Qc7 $132) 15... Bxd5 16. Nxd5 Qxd5 17. c3 Nc6 18. Qxd5 Nxd5 19. Bf3 Rfd8 20.
Rd1 Nb6 $5 $13 (20... e4 $6 21. Bxe4 Nxc3 22. Rxd8+ Rxd8 23. Bf3 $14)) 13...
Rc8 {Schwarz versucht,im Vergleich zu E.Geller Analyse ,einem wichtigenTempo
zu gewinnen.} (13... Qc7 {Gutman} 14. Rf2 {ergibt die "klassische" Stellung,
und nun:} Rfd8 (14... exf4 15. Bxf4 Qb6 {(mit Drohung 16. ...Nxc2!)} 16. Nd4
Nd7 {,und "Schwarz kann in aller Ruhe seinen Springer nash e5 überführen und
die Stellung damit ausgleichen",E.Geller,aber ...} 17. Rd2 Ne5 18. b3 Qc5 19.
Ncb5 {verspricht Schwarz keine ausreichende Gegenspiel,Gutman}) (14... d5 15.
fxe5 (15. exd5 exf4 16. Bc1 Rfd8 17. Rd2 Bf5 18. Nd4 Bg6 19. Ndb5 Qb6 20. Re2
Bd6 {mit guten Spiel für Schwarz,Cabrilo-Kosic,Igalo 1994}) 15... Qxe5 (15...
Nxe4 16. Nxe4 dxe4 17. Bxe4 Qxe5 18. Qd4) 16. Bd4 Qg5 17. exd5 Nfxd5 18. Ne4
Qh6 19. Qd2 Qxd2 20. Rxd2 {mit besseren Aussichten für Weiß}) 15. Rd2 Bc4 16.
Qg1 $1 ({nach} 16. Nb5 $6 Bxb5 17. axb5 a4 18. Nc1 d5 19. fxe5 Nxe4 20. c3 Nxd2
21. Bxd2 Qxe5 {Schwarz übernahm die Initiative,1. Wettkampfpartie
Karpow-Spassky,Leningrad 1974}) 16... Nd7 (16... Nxc2 17. Rxc2 Bxb3 18. Bb6 Qd7
19. Rd2) 17. Rc1 $5 ({weniger überzeugt} 17. f5 Nxc2 18. Rxc2 Bxb3 19. Rcc1 {
,I.Boleslawski,19. ...} Nc5 $5) ({oder} 17. Nc1 {,Cabrilo-Kosic,Belgrad 1988,
17. ...} d5 $5 18. exd5 exf4 19. Bd4 Bf6 {mit ausreichende Gegenspiel}) 17...
h6 18. f5 $5 (18. Be2 Bxe2 19. Rxe2 exf4 20. Bxf4 Bf6 21. Nd4 Qc4 {stellte
keine Probleme für Schwarz,Kujpers-Timman,Wijk aan Zee 1975}) 18... Nc5 19.
Nxc5 dxc5 20. Rcd1 b6 21. b3 Rxd2 22. Rxd2 Ba6 23. Nd5 Nxd5 24. exd5 Qd6 25. c4
{mit besseren Spiel für Weiß,Gutman.}) 14. Rf2 $5 {Critical moment!If black
will wait a little more,he will stand under hard pressure.He finds a good
answer.} ({Eine kritische Fortsetzung war} 14. f5 {Gutman} Bc4 15. Re1 $5 {
,und nun:} d5 (15... Qc7 16. Nd2 $1 d5 (16... Ba6 17. g4 Rfd8 18. g5 Ne8 19.
Bg2) 17. Nxc4 dxc4 18. Nb5 {mit besseren Aussichten für Weiß}) 16. exd5 Nfxd5
17. Nxd5 Bxd5 (17... Nxd5 18. Bg1) 18. Bxd5 Qxd5 (18... Nxd5 19. Bd2 b6 20.
Rxe5 Bf6 21. Bg5 $1) 19. c3 Nd3 (19... Qxd1 20. Raxd1 Nc2 21. Re2 Nxe3 22. Rxe3
) 20. Nc1 Nf4 21. Qxd5 Nxd5 22. Bf2 f6 23. Rd1 Rfd8 24. Nb3 b6 25. Rd2 Rb8 26.
g3 $5 {mit weißen Druckspiel in Endspiel,Gutman.}) 14... exf4 $5 15. Bxf4 Qb6
$1 {[%cal Gc5f2,Gc8c2,Gb4c2,Ge6b3,Gb6b3] Black desturbs white to place his
pieces.Right chess!} 16. Nd4 d5 $1 ({Mit} 16... Nd7 $5 {Gutman hatte Schwarz
ihren Ziel erreicht,} 17. Rd2 Ne5 {versprach ausreichende Gegenspiel.}) 17. e5
(17. Nxe6 $2 fxe6 {[%csl Rf2,Rf3,Rf4][%cal Gf7f2]}) (17. Rd2 Bc5 $36) 17... Nd7
18. Rd2 Nc5 $6 (18... Rfd8 $5) 19. Ndb5 f6 $6 (19... Rfd8 20. Be3 Nc6 $140 $6 {
[%cal Gd5d4]} 21. Nxd5 Bxd5 22. Bxd5 Nxe5 23. Qh5 Bf6 24. Re1 $16) (19... Rfe8
$5) 20. Qe2 $1 (20. Nxd5 Nxd5 21. Bxd5 Bxd5 22. Rxd5 Ne4 $1 23. Qd4 Nf2+ 24.
Kg1 Bc5 $1 25. Rxc5 (25. Qc4 Nh3+ 26. Kh1 Nf2+ 27. Kg1 $11) 25... Qxc5 (25...
Rxc5 26. Be3 $18) 26. Qxc5 Rxc5 27. Be3 Rxc2 28. Bxf2 fxe5 29. Bg3 Rd8 30. Bxe5
Rdd2 $13) 20... fxe5 21. Bxe5 Bg5 22. Rd4 (22. Rdd1 $5) ({Stärker als} 22. Rdd1
$5 {Gutman mit besseren Spiel für Weiß.}) 22... Nc6 $2 23. Rxd5 (23. Nxd5 $1
Nxd4 24. Nxb6 $1 Nxe2 25. Nxc8 Rxc8 (25... Rxf3 26. gxf3 Bxc8 27. Re1 $18) (
25... Bxc8 26. Bxe2 Rf2 27. Nc3 $16) 26. Bxe2 $16) 23... Bxd5 24. Nxd5 Qd8 (
24... Qa6 25. Ndc7 Qb6 26. Bd6 $18) 25. Bc7 Qe8 26. Qc4 Ne5 (26... Ne6 {Gutman}
27. Nd6) 27. Bxe5 (27. Qxc5 $1 {Gutman} Nxf3 28. gxf3 {mit entscheidenden
weißen Vorteil,28. ...} Qc6 29. Qd4 (29. Qxc6 bxc6 30. Rg1 Bh4 31. Rg4) 29...
Qxc2 30. Rg1) 27... Qxe5 28. Ne7+ Kh8 29. Nxc8 Rxc8 30. Rd1 Rd8 31. Rxd8+ Bxd8
32. g3 {Weiß gab sich mit einem Mehrbauern zufrieden,aber Schwarz kann sich
nun verteidigen.} {32. ...} b6 (32... Qe7 $5 {Gutman war gefragt.}) 33. Qf7 Qe7
34. Nd6 g6 35. Qd5 Bc7 36. Qa8+ (36. Qd4+ $1 {Gutman} Qg7 37. Qxg7+ Kxg7 38.
Ne8+ {,und Weiß gewinnt den Läufer .}) 36... Kg7 37. Ne8+ Kh6 38. Nxc7 Qe1+ (
38... Qxc7 {Gutman} 39. Qe8) 39. Kg2 Qd2+ 40. Kh3 Qd7+ 41. g4 ({Schwächt
unnötig den Könisflügel,} 41. Bg4 {Gutman} Qxc7 42. Qe8 {mit weißen Vorteil.})
41... Qxc7 42. Qf8+ Kg5 43. Kg2 h5 44. h4+ (44. gxh5 {Gutman} Ne6) 44... Kxh4
45. Qf6+ g5 46. gxh5 Ne6 47. Qf5 Qg3+ 48. Kf1 Nf4 49. Bc6 Kxh5 50. Be8+ Kh4 51.
Qh7+ Kg4 52. Qd7+ Kh4 1/2-1/2

[Event "Bundesliga 9697"]
[Site "Germany"]
[Date "1997.03.01"]
[Round "?.1"]
[White "Glek, Igor Vladimirovich"]
[Black "Lutz, Christopher"]
[Result "1-0"]
[WhiteElo "2620"]
[BlackElo "2555"]
[Annotator "Glek,I"]
[PlyCount "65"]
[EventDate "1996.10.12"]
[EventType "team-tourn"]
[EventRounds "15"]
[EventCountry "GER"]
[SourceTitle "GER-chT"]
[Source "ChessBase"]
[SourceDate "1999.07.01"]
[SourceVersion "1"]
[SourceVersionDate "1999.07.01"]
[SourceQuality "1"]
[WhiteTeam "Bochum"]
[BlackTeam "Porz"]
[WhiteTeamCountry "GER"]
[BlackTeamCountry "GER"]

1. e4 c5 2. Nf3 d6 3. d4 cxd4 4. Nxd4 Nf6 5. Nc3 a6 6. a4 Nc6 7. Be2 e5 8. Nb3
Be7 9. Bg5 Be6 10. Bxf6 Bxf6 11. Nd5 Nd4 (11... Bg5) 12. Nxd4 exd4 13. Nxf6+ (
13. Bc4 $5 $14) 13... Qxf6 14. O-O O-O 15. Bd3 (15. Qd2 d5 $11) 15... Rfe8 (
15... Rac8 16. Qe2 (16. b3 $5) 16... Rfe8 17. Rae1 (17. f3 $5 {/\ Rfd1, Qf2
><d4}) 17... Bd5 18. b3 Re6 $11 {Short-Lautier, Wijk aan Zee 1997}) 16. Qd2 $1
$14 (16. f4 Bd7 {/\Bc6, Re8-e7, Ra8-e8 ->e4=}) 16... Bd7 (16... d5 17. Rfe1 $1
{/\ e5!} dxe4 18. Rxe4 $14) 17. f3 Bc6 18. Rfd1 $1 Re5 $5 (18... Rad8 19. Bf1
d5 20. e5 $1 $14) 19. Qf2 (19. Bf1 d5 $11) 19... Rh5 $2 (19... Rae8 $142 {
/\ 20.Qd4 d5!=} 20. b4 $1 $14) 20. Bc4 $1 $16 (20. Bf1 d5 $11) 20... d5 $6 21.
exd5 Bxd5 22. Bf1 $138 (22. g4 $1 Rg5 (22... Re5 23. f4 $18) 23. h4 Re5 24. f4
$18) 22... Rc8 (22... d3 23. Rxd3 Qxb2 $2 24. Rad1 $18) 23. Qxd4 Qd6 $2 (23...
Qg5 $142 24. Qg4 $16) 24. c4 $18 Qxh2+ 25. Kf2 Re8 26. cxd5 Rh4 27. Re1 $1 Rf8
28. Qe5 Rf4 29. Re4 Qh4+ 30. g3 Rxe4 31. Qxe4 Qf6 32. Qb4 a5 33. Qd2 1-0

[Event "Qatar Masters op"]
[Site "Doha"]
[Date "2014.12.02"]
[Round "7"]
[White "Vovk, Andrey"]
[Black "Vachier Lagrave, Maxime"]
[Result "0-1"]
[WhiteElo "2640"]
[BlackElo "2751"]
[Annotator "Gormally,D"]
[PlyCount "62"]
[EventDate "2014.11.26"]
[EventType "swiss"]
[EventRounds "9"]
[EventCountry "QAT"]
[SourceTitle "CBM 164"]
[Source "ChessBase"]
[SourceDate "2015.01.15"]
[SourceVersion "1"]
[SourceVersionDate "2015.01.15"]
[SourceQuality "1"]

1. e4 c5 2. Nf3 d6 3. d4 cxd4 4. Nxd4 Nf6 5. Nc3 a6 6. Be2 e5 7. Nb3 Be7 8. O-O
O-O 9. Re1 Be6 10. Bf3 {White plays a quiet system, based around simple
development and the complete domination of the d5 square.  Personally speaking
as a long-time Najdorf player, I always find these kinds of systems the most
difficult to play against - in the sharp lines you kind of know where you are
as you expect the guy to come for you - but here the danger of falling into
some kind of strategic domination is all too apparent.} Nbd7 11. a4 Qb8 $5 {
The idea behind this sly move is to activate the otherwise dormant bishop on
e7. That's the problem with these lines for Black - while his position is
intrisically sound, it's not easy to generate active play as White is clamping
down on the ...d5 and ...b5 breaks.} 12. Nd2 (12. Qd3 $5 {might be an
interesting alternative. The idea is to meet} Bd8 {with} 13. Rd1 {when the
bishop has to go to the considerably less active square on c7 to defend the
pawn.} Bc7 (13... Nc5 14. Nxc5 dxc5 15. Bg5 {looks slightly unpleasant for
Black- d5 is a rather large hole in the position.}) 14. Be3 $14) 12... Bd8 $1 {
That's why Black's 11th move was so important - Black can now contest the
struggle for the all important d5-square. White's plan is Nf1-e3-d5 with
strategic domination, so the bishop prepares to go to a5 ready to exchange off
one of White's knights and prevent this plan.} 13. Nf1 Ba5 (13... Bb6 14. Ne3
Qc7 {is another way of fighting against White's plan.} 15. g4 (15. Ncd5 $5 Bxd5
16. Nxd5 (16. exd5 e4 17. Be2 Rfe8 {should be fine for Black as all his pieces
occupy promising positions}) 16... Nxd5 17. Qxd5 Qxc2 {doesn't turn out well
for White}) 15... Bxe3 16. Bxe3 Nb6 {was fairly unclear in Ferreira,J (2413)
-Bruzon Batista,L (2664) Tromsoe 2014  But Black was doing his main job -
fighting for the d5 square.}) 14. Bd2 Qc7 15. Ne3 Rac8 $6 {Not bad, but
missing something even stronger.} ({The immediate} 15... Bxc3 $1 16. Bxc3 Nc5
$1 {was even stronger asking White a serious question - how to protect the e4
pawn?} 17. Nf1 ({also not convincing are} 17. Nf5 $2 Nfxe4 $1 18. Bxe4 Nxe4 19.
Rxe4 Bxf5 $19) ({or} 17. Nd5 Nxd5 18. exd5 Bd7 $1 19. a5 Na4 {with a queenside
initiative for Black}) 17... Qc6 {when Black wins a pawn.  The very fact that
this possibility seems very strong for Black suggests that something has
already gone badly wrong for White in the opening - perhaps the whole line
needs an overhaul.} 18. Bb4 Rfd8 $17) 16. g4 (16. h3 Bxc3 17. Bxc3 Nc5 18. Ng4
Nxg4 19. hxg4 Qc6 20. Bb4 Rfd8 21. b3 f6 22. Qe2 Bf7 23. Qe3 Ne6 24. c3 b6 {
was also completely fine for Black in Movsesian,S (2677)-Vachier Lagrave,M 
(2745) Caleta 2014}) ({Incidentally} 16. Ncd5 {seems to offer White very
little.} Bxd5 17. Bxa5 Qxa5 18. exd5 g6 $1 19. c3 Ne8 {preparing ...f5 with a
counterattack} 20. Qb3 Qd8 $1 {when} 21. Qxb7 $2 {is met by} Nc5 {winning the
exchange.}) 16... Bxc3 17. Bxc3 Nc5 18. Nf5 $1 {But now the knight can go to
f5, where it exudes a great deal of influence on the position, so at least
White is making sense of his position now.  Watching this game unfold, it was
interesting to see the two Qatar official commentators Danny King and Simon
Williams express contrasting views on this position.  Danny said that as a
life-long Najdorf player how he was always happy to see the move g4 from White
in this opening, as such a move would invariably come back to haunt White
later in the game where he could be subject to a brutal counter-attack - pawns
can't go back.  I think he may have a point and one of the first chess books I
studied in detail was King's "Winning with the Najdorf" in which he gave many
examples where such cavalier attacking moves would be eventually punished by
Black - King clearly believes in the intrinsic soundness of this opening.  On
the other hand Simon Williams as a natural attacking player seemed to like
White's position a lot - after all there is a knight near the Black king, so
mate could be on the horizon!} Rfd8 19. Qc1 {White signals his intentions to
go down the caveman route. But perhaps from Black's point of view it was a
relief to see such a move - pyschologically it's always easier to meet these
head-on attacks.} ({It was also possible to continue the game down quieter
lines - to that end the quiet strengthening move} 19. h3 $5 {was possible,
intending simply Qe2 and a slower build-up of forces.} d5 $2 {is not yet a
threat as e5 is hanging.} 20. exd5 Bxf5 21. Bxe5 Qd7 22. Bxf6 gxf6 23. gxf5
Qxf5 24. Ra3 $18) 19... Ne8 ({The bold} 19... h6 {would seem like a red rag to
a bull, but nonetheless it's not so easy to refute this move. By keeping the
knight on f6 Black has more influence over the centre.} 20. Qe3 ({the impudent
} 20. g5 $6 {is met harshly by} Nfxe4 $1) 20... Bxf5 21. exf5 Ncd7 22. Rad1 {
does look more pleasant for White, however.}) 20. Ra3 g6 21. Qh6 f6 22. Kh1 $6
({So far Vovk has played a pretty good game but now he seems to lose his way.
In fairness the schedules of these strong opens are extremely tough- I learnt
that lesson from the Isle of Man when by round seven I had completely run out
of energy.  You play one good player after another and it's not just the games
that are tiring but all the preparation involved as well. I think it's high
time that rest days became mandatory in FIDE events, but I guess that's an
argument for another time.} 22. Ne3 $1 {would have enabled White to maintain
the balance.} Qc6 23. Nd5 $13) 22... Rd7 $1 23. g5 $2 {Vovk is seemingly
hypnotised by the powerful knight on f5 and seems to be labouring under the
delusion that Black can never take it under any circumstances. But this
illusion is soon to be shattered..} ({It was still not too late for} 23. Ne3 $1
{even if this is a worse version than on the previous move.} Qc6 $1 24. Bd2 (
24. Nd5 $2 {is now no longer possible because of} Nxe4 $1 {when the rook on d7
covers e7} 25. Nb6 Nxf2+ 26. Kg2 Qxb6 $19) 24... Nxa4 {and Black is starting
to take control of the game, although this is better than just dropping a
piece.}) 23... gxf5 $1 $19 {White is now just dead lost. There is no attack,
Black is covering everything.} 24. gxf6 (24. exf5 Bxf5 25. gxf6 Rf7 {is also
an easy win.}) 24... Rf7 25. Qg5+ Kh8 26. exf5 Bd7 $1 27. Bh5 Bc6+ 28. Kg1 Nxf6
29. Bxf7 Qxf7 30. Kf1 Rg8 31. Qh4 Nce4 0-1

[Event "RUS-Cup9"]
[Site "Novgorod"]
[Date "1997.??.??"]
[Round "7"]
[White "Zagrebelny, Sergey"]
[Black "Dvoirys, Semen I"]
[Result "0-1"]
[WhiteElo "2480"]
[BlackElo "2590"]
[Annotator "Gutman,L"]
[PlyCount "98"]
[EventDate "1997.06.11"]
[EventType "swiss"]
[EventRounds "9"]
[EventCountry "RUS"]
[SourceTitle "CBM 060"]
[Source "ChessBase"]
[SourceDate "1997.09.29"]
[SourceVersion "1"]
[SourceVersionDate "1997.09.29"]
[SourceQuality "1"]

1. e4 c5 2. Nf3 d6 3. d4 cxd4 4. Nxd4 Nf6 5. Nc3 a6 6. Be2 e5 7. Nb3 Be7 8. O-O
Be6 9. f4 Qc7 10. f5 Bc4 11. Bg5 Nbd7 12. a4 h6 $5 13. Bxf6 Nxf6 14. a5 O-O 15.
Ra4 (15. Kh1 Rfc8 16. Bxc4 Qxc4 17. Qf3 Rc7 (17... Qc7 $5 18. Rfd1 b5 19. axb6
Qxb6 20. Ra4 Bd8 21. Rda1 Qb7 22. Qd3 Rc6 {ist eine Alternative.}) 18. Nd2 (18.
Ra4 Qc6 19. g4 {,Oll,19. ...} d5 $1 20. exd5 Qd7 21. Raa1 Rc4 22. h3 Bb4) 18...
Qb4 19. Rfb1 Rac8 20. Ra4 Qc5 21. Rba1 Bd8 22. Nf1 b5 23. axb6 Qxb6 24. R1a2 a5
{mit gutem schwarzen Gegenspiel, Oll-Kasparov/Moscow ol 1994.}) 15... Bxe2 16.
Qxe2 Rfc8 17. Kh1 Qd7 $5 18. Raa1 Rc7 19. Rfd1 Rac8 20. Rd3 (20. Nd2 d5 $1 21.
Nf3 d4 22. Nxe5 Qe8) 20... Rc4 21. Nd2 $6 (21. Re1 $5 {war zu bevorzugen, um}
Qc6 {mit} 22. Nd2 Rd4 (22... Rb4 23. b3) 23. Rg3 {zu beantworten.}) 21... Rd4
22. Nf3 Rxc3 $1 23. Rxc3 Rxe4 24. Re3 Rf4 {Und Schwarz übernahm die Initiative.
} 25. Rb3 Rxf5 26. c4 e4 27. Nd4 Re5 28. Rc3 Qc7 29. Nb3 Nd7 30. Rd1 f5 31. Rd5
Nf6 32. Rxe5 dxe5 33. c5 Qc6 34. Qc4+ Nd5 35. Rc1 Kh7 36. Qf1 f4 37. Nd2 Nf6
38. Qc4 e3 39. Nf3 Ng4 40. h3 Nf2+ 41. Kg1 Bf6 42. Ne1 e4 43. b4 f3 44. h4 Bxh4
45. gxf3 exf3 46. Qc2+ Kh8 47. Qf5 Nh3+ 48. Qxh3 f2+ 49. Kf1 e2+ 0-1